Variaciones del nitrógeno inorgánico en un suelo de Bordenave (Bs. As.) /

Guardado en:
Autor Principal: Loewy, Tomás.
Formato: Libro
Idioma:Spanish
Publicado: 1979.
Etiquetas: Agregar Etiqueta
Sin Etiquetas, Sea el primero en etiquetar este registro!
LEADER 00664nam a22001815a 4500
001 EUN.um003054
008 041125s1979####ag#a#####bm###000#0#spa#d
005 20180601110111.0
245 1 0 |a Variaciones del nitrógeno inorgánico en un suelo de Bordenave (Bs. As.) /  |c Tomás Loewy. 
260 |c 1979. 
300 |a 88 h. :  |b ilus. ;  |c 27,5 cm.. 
502 |a Tesis--Universidad Nacional del Sur, 1979. 
504 |a Incluye referencias bibliográficas. 
100 1 |a Loewy, Tomás. 
082 0 4 |a 040 
082 0 4 |a 631.46 
859 |a Ar-BaUNS  |b BIB. CENTRAL - Tesis  |h 040  |i B148 1979-74  |k R  |p 82787/979 
859 |a Ar-BaUNS  |b BIB. CENTRAL - Sector A - Tesis  |h 040  |i B148 1979-74  |k R  |p 115445/005